ALICE IN WODERLAND (Record no. 1960)
[ view plain ]
| 000 -LEADER | |
|---|---|
| fixed length control field | 00276nam a22001337a 4500 |
| 020 ## - INTERNATIONAL STANDARD BOOK NUMBER | |
| ISBN | 0-7214-0967-9 |
| 082 ## - DEWEY DECIMAL CLASSIFICATION NUMBER | |
| Classification number | 823 |
| Item number | CAR/A |
| 100 ## - MAIN ENTRY--AUTHOR NAME | |
| Personal name | COLLINS JOAN |
| 245 ## - TITLE STATEMENT | |
| Title | ALICE IN WODERLAND |
| 260 ## - PUBLICATION, DISTRIBUTION, ETC. (IMPRINT) | |
| Place of publication | UK |
| Name of publisher | LADY BIRD |
| 300 ## - PHYSICAL DESCRIPTION | |
| Number of Pages | 51 |
| 650 ## - SUBJECT ADDED ENTRY--TOPICAL TERM | |
| Topical Term | ENGLISH STORY |
| Geographic subdivision | UK |
| 942 ## - ADDED ENTRY ELEMENTS (KOHA) | |
| Koha item type | Books |
| Withdrawn status | Lost status | Collection code | Home library | Current library | Shelving location | Date acquired | Source of acquisition | Full call number | Accession Number | Koha item type | Cost, normal purchase price |
|---|---|---|---|---|---|---|---|---|---|---|---|
| Fiction | Main Library | Main Library | SHELF 3- A- LADY BIRD STORY BOOKS | 30/05/2014 | PURCHASE | 823 CAR/A | 06939 | Books | |||
| Fiction | Main Library | Main Library | SHELF 3- A- LADY BIRD STORY BOOKS | 25/05/2014 | PURCHASE | 823 CAR/A | 06892 | Books | |||
| Fiction | Main Library | Main Library | SHELF 3- C- LADY BIRD STORY BOOKS | 20/09/2023 | PURCHASE | 823 CAR/A | 06994 | Books | 60.00 | ||
| Fiction | Main Library | Main Library | SHELF 3- E- ENGLISH CHILDRENS LITERATURE &MYTHOLOGY | 11/05/2011 | PURCHASE | 823 CAR/A | 05874 | Books | 100.00 | ||
| Fiction | Main Library | Main Library | SHELF 3- E- ENGLISH CHILDRENS LITERATURE &MYTHOLOGY | 02/03/2016 | PURCHASE | 823 CAR/A | 03995 | Books | 10.00 | ||
| Fiction | Main Library | Main Library | SHELF 3- F- LADY BIRD STORY BOOKS | 19/05/2017 | PURCHASE | 823 CAR/A | 08610 | Books |